Les villes les plus peuplées du Cantal - Statistiques

Statistiques générales
  • Ce quiz a été pris 179 fois
    176 depuis la dernière actualisation
  • Le résultat moyen est 9 sur 20
Statistiques - réponses
Population Ville % Correct
30 554 Aurillac
99%
6 629 Saint-Flour
89%
4 019 Mauriac
80%
2 152 Murat
71%
5 507 Arpajon-sur-Cère
61%
1 849 Massiac
59%
2 252 Maurs
53%
1 889 Vic-sur-Cère
50%
3 334 Ytrac
44%
2 838 Riom-ès-Montagnes
39%
1 780 Jussac
36%
1 782 Naucelles
36%
1 933 Ydes
32%
1 825 Pleaux
25%
1 121 Condat
20%
1 156 Polminhac
20%
1 119 Saint-Cernin
20%
1 321 Saint-Mamet-la-Salvetat
14%
1 418 Lanobre
11%
1 168 Champagnac
3%
Aucun quiz correspondant
Distribution des résultats
% des personnes avec chaque résultat
Percentile par nombre de réponses
Votre historique - résultats
Vous n’avez pas pris ce quiz depuis la dernière actualisation